Bichitra Ramayana : A Voice from Wilderness /
The first-ever Ramayana to be written in a regional language, the Bichitra Ramayana claims a special place in the larger tradition of Ramayana writing as much for its independent retelling practice as for its indigenous, secular distinctiveness. Originally written in Odia in the mid-fifteenth centur...
Main Authors: ,
Format: eBook
Language: English
Published:
Leiden ; Boston :
Brill | Manohar Publishers & Distributors,
2020.
Subjects:
Online Access: Login to view Source
Tags: Add Tag
Call Number: PK2579.S294
| LEADER | 06778nam a22004578i 4500 | ||
|---|---|---|---|
| 001 | BRILL9789004752481 | ||
| 003 | nllekb | ||
| 005 | 20251116180205.0 | ||
| 006 | m d | ||
| 007 | cr un uuuua | ||
| 008 | 251031s2020 gw sb 001 0 eng d | ||
| 020 | |a 9789004752481 |q (electronic book) | ||
| 020 | |z 9789388540988 |q (print) | ||
| 024 | 7 | |a 10.1163/9789004752481 |2 DOI | |
| 040 | |a NL-LeKB |c NL-LeKB |e rda | ||
| 041 | |a eng | ||
| 050 | 4 | |a PK2579.S294 | |
| 072 | 7 | |a JF |2 bicssc | |
| 072 | 7 | |a SOC |x 0026000 |2 bisacsh | |
| 082 | 0 | 4 | |a 891.45612 |2 23 |
| 100 | 1 | |a Das, Siddheswar, |e author. | |
| 245 | 1 | 0 | |a Bichitra Ramayana : |b A Voice from Wilderness / |c Siddheswar Das, Basant Kumar Tripathy. |
| 246 | 3 | |a A Voice from Wilderness | |
| 264 | 1 | |a Leiden ; |a Boston : |b Brill | Manohar Publishers & Distributors, |c 2020. | |
| 264 | 4 | |c ©2020 | |
| 300 | |a 1 online resource (400 pages) : |b illustrations. | ||
| 336 | |a text |b txt |2 rdacontent | ||
| 337 | |a computer |b c |2 rdamedia | ||
| 338 | |a online resource |2 rdacarrier | ||
| 504 | |a Includes bibliographical references and index. | ||
| 505 | 0 | |t Preliminary Material / |r Siddheswar Das and Basant Kumar Tripathy -- Foreword / |r Siddheswar Das and Basant Kumar Tripathy -- Introduction / |r Basant Kumar Tripathy -- Invocation / |r Siddheswar Das and Basant Kumar Tripathy -- Prologue / |r Siddheswar Das and Basant Kumar Tripathy -- Sita's Journey to the Forest / |r Siddheswar Das and Basant Kumar Tripathy -- The Support of the Wild Animals / |r Siddheswar Das and Basant Kumar Tripathy -- Sita in Valmiki's Hermitage / |r Siddheswar Das and Basant Kumar Tripathy -- Sita's Journey to Bideha / |r Siddheswar Das and Basant Kumar Tripathy -- The Birth of Laba and Kusha / |r Siddheswar Das and Basant Kumar Tripathy -- Sita at her Father's House / |r Siddheswar Das and Basant Kumar Tripathy -- Birth Rituals of Laba and Kusha / |r Siddheswar Das and Basant Kumar Tripathy -- Sita's Trial by Fire / |r Siddheswar Das and Basant Kumar Tripathy -- Early Education of Laba and Kusha / |r Siddheswar Das and Basant Kumar Tripathy -- Laba and Kusha Collect Alms Outside Bideha / |r Siddheswar Das and Basant Kumar Tripathy -- The Gods Plan for the End of Tretaya Yuga / |r Siddheswar Das and Basant Kumar Tripathy -- Laba's Journey to Ayodhya / |r Siddheswar Das and Basant Kumar Tripathy -- Rama Listens to the Ramayana / |r Siddheswar Das and Basant Kumar Tripathy -- Calamity in Lomapada's Kingdom / |r Siddheswar Das and Basant Kumar Tripathy -- Preparations to Fetch Risyashrunga / |r Siddheswar Das and Basant Kumar Tripathy -- Risyashrunga Seduced by the Prostitutes / |r Siddheswar Das and Basant Kumar Tripathy -- Risyashrunga Arrives in Anga / |r Siddheswar Das and Basant Kumar Tripathy -- Laba's Return to Bideha / |r Siddheswar Das and Basant Kumar Tripathy -- Kusha's Delay in Return Makes Sita Angry / |r Siddheswar Das and Basant Kumar Tripathy -- Laba and Kusha Agree to Sing Together / |r Siddheswar Das and Basant Kumar Tripathy -- Laba and Kusha Leave for Ayodhya / |r Siddheswar Das and Basant Kumar Tripathy -- Singing by Laba and Kusha / |r Siddheswar Das and Basant Kumar Tripathy -- Shanta's Marriage / |r Siddheswar Das and Basant Kumar Tripathy -- The Story of Lanka / |r Siddheswar Das and Basant Kumar Tripathy -- Ravana Blessed with a Boon / |r Siddheswar Das and Basant Kumar Tripathy -- Marriage of Rama and his Brothers / |r Siddheswar Das and Basant Kumar Tripathy -- Parsurama's Embarrassment / |r Siddheswar Das and Basant Kumar Tripathy -- Rama's Journey to the Forest / |r Siddheswar Das and Basant Kumar Tripathy -- Khara and Duhsana Eliminated / |r Siddheswar Das and Basant Kumar Tripathy -- Sita's Abduction / |r Siddheswar Das and Basant Kumar Tripathy -- Making Friends with Sugriba / |r Siddheswar Das and Basant Kumar Tripathy -- Lanka Set Ablaze / |r Siddheswar Das and Basant Kumar Tripathy -- Preparations for the Battle / |r Siddheswar Das and Basant Kumar Tripathy -- Bibhisana Seeks Refuge / |r Siddheswar Das and Basant Kumar Tripathy -- False Heads / |r Siddheswar Das and Basant Kumar Tripathy -- The Battle Breaks Out / |r Siddheswar Das and Basant Kumar Tripathy -- Angada as Messenger / |r Siddheswar Das and Basant Kumar Tripathy -- Indrajita's Fight / |r Siddheswar Das and Basant Kumar Tripathy -- Rama and Lakshmana Caught in Cobra Snare / |r Siddheswar Das and Basant Kumar Tripathy -- The Killing of Indrajita / |r Siddheswar Das and Basant Kumar Tripathy -- The Killing of Kumbhakarna / |r Siddheswar Das and Basant Kumar Tripathy -- A Duplicate Sita / |r Siddheswar Das and Basant Kumar Tripathy -- Lakshmana Wounded Lethally / |r Siddheswar Das and Basant Kumar Tripathy -- The Killing of Mahiravana / |r Siddheswar Das and Basant Kumar Tripathy -- Jambomali's Battle / |r Siddheswar Das and Basant Kumar Tripathy. | |
| 520 | |a The first-ever Ramayana to be written in a regional language, the Bichitra Ramayana claims a special place in the larger tradition of Ramayana writing as much for its independent retelling practice as for its indigenous, secular distinctiveness. Originally written in Odia in the mid-fifteenth century by Siddheswar Das (later known as Sarala Das), it owes its origins to the 'Uttarakanda' of Valmiki Ramayana . Its great departure and divergence from the master text shows that it has an agenda and politics of its own, demonstrated so powerfully that it makes the original invisible. Rich with folklore and legends and composed in the oral tradition, the Bichitra declares itself as a text for the layman. The voice of the common people supercedes the voice of the wise; the natural replaces the rational; the religious paradigm is substituted by a secular identity, and the mind is overtaken by the heart. The chief attraction of the Bichitra is the issue related to the position of women in a patriarchal society and the relationship between the two sexes. Siddheswar offers them freedom on a silver platter. He makes Sita the central character who is not merely a moral or socio-cultural touchstone. He fills the cowherd woman with courage to fight for her individual liberty, even if it leads to licentiousness. He allows Kausalya to rebuke Rama harshly for his misdemeanour. Written by a Shudra poet with an humble background and no formal education, the Bichitra Ramayana is a classic of Odia literature. | ||
| 546 | |a English | ||
| 588 | |a Description based on print version record. | ||
| 651 | 0 | |a Rāma (Hindu deity) | |
| 651 | 0 | |a Rāma (Hindu deity) |x Poetry. | |
| 700 | 1 | |a Tripathy, Basant Kumar, |e author. | |
| 776 | 0 | 8 | |i Print version: |t Bichitra Ramayana : A Voice from Wilderness. |d Leiden ; Boston : Brill | Manohar Publishers & Distributors, 2020. |z 9789388540988 |w (OCoLC)1183400624 |w (DLC) 2020328957 |
| 856 | 4 | |z DOI: |u http://dx.doi.org/10.1163/9789004752481 | |
| 942 | |2 lcc |c EBOOK | ||
| 999 | |c 61447 |d 61447 | ||
